| 000 | 01050nam0a22003011 4500 | ||
|---|---|---|---|
| 001 | RU\NLR\INFOCOMM_161\5000048931 | ||
| 005 | 20250613091956.0 | ||
| 035 | _a(NLR Aleph) 009138159 | ||
| 090 |
_a8319173 _c8319173 |
||
| 100 | _a20090919d1984 |||y0rusy50 ca | ||
| 101 | 0 | _afre | |
| 102 | _aRU | ||
| 105 | _ay ||||000|y | ||
| 200 | 1 |
_aLa communauté socialiste en lutte pour la paix et le désarmement _fO. Bogomolov, A. Vakhameev |
|
| 210 |
_aМ. _cNaouka _d1984 |
||
| 215 |
_a80 с. _d22 см |
||
| 225 | 1 |
_aLa Paix internationale et le désarmement _vN 15 |
|
| 320 | _aБиблиогр.: с. 77-80 | ||
| 606 |
_aБорьба за мир _xСоциалистические страны _jСборники _2nlr_sh1 |
||
| 686 |
_aТ3(0)637-601.1я43 _2rubbk |
||
| 700 | 1 |
_aBogomolov _bO. T. _f1927- _gOleg Timofeevič _4070 |
|
| 701 | 1 |
_9z01790 _aVachrameev _bA. V. _gAleksandr Valerianovič _4070 |
|
| 790 | 1 |
_9z01701 _aVakhameev _bA. _4070 |
|
| 801 | 1 |
_aRU _bNLR _c20090919 |
|
| 801 | 0 |
_aRU _bNLR _gPSBO |
|
| 852 |
_aNLR _jP22/4266 |
||
| 942 | _cBOOK | ||
| 980 | _aNB | ||